| 000 | 00760 a2200313 4500 | ||
|---|---|---|---|
| 260 | _aParis | ||
| 630 | _a69 - Industrie de la construction. Materiaux de construction. Metaux et procedes de construction | ||
| 037 | _b4, Achat | ||
| 650 | _a6 - SCIENCES APPLIQUEES | ||
| 100 | _aChaussin, C. | ||
| 700 | _aHilly, G. | ||
| 260 | _bDunod | ||
| 245 | _aMétallurgie : tome I, Alliages métalliques | ||
| 300 | _a388 p. | ||
| 650 | _aMétallurgie | ||
| 650 | _aMétal | ||
| 260 | _c1976 | ||
| 300 | _b24cm | ||
| 100 | _lFr | ||
| 037 | _aS 3384-2 | ||
| 037 | _aS3523 | ||
| 037 | _aS 3384-3 | ||
| 037 | _aS 3384-1 | ||
| 440 | _aTechnologie et Université | ||
| 250 | _a10e éd. | ||
| 020 | _a2-04-003285-1 | ||
| 999 |
_c41930 _d41930 |
||